| 000 | 00341nam a2200109 4500 | ||
|---|---|---|---|
| 008 | 160625b xxu||||| |||| 00| 0 eng d | ||
| 100 |
_91184 _a Tuazon, R.M., et al |
||
| 245 | _aThe New Compuehensive A - Z Crossward Dictionary | ||
| 260 |
_aN.Y _b Avon Books _c1973 |
||
| 300 | _aThe New Compuehensive A - Z Crossward Dictionary | ||
| 942 |
_2ddc _cBK |
||
| 999 |
_c965 _d965 |
||